02025 a2200205 45000010006000000050017000060080041000230030015000640400040000790800031001192450090001500200018002402500011002582640044002693000024003135051306003370410008016431000028016518560140016792808920260407155553.0260407a2001 arg spa dAR-UNSa-BCEJYS aAR-UNSa-BCEJYSbspacAR-UNSa-BCEJYS a349.2xDerecho del Trabajo10aDerecho del trabajo y de la seguridad socialpdoctrina, legislación, jurisprudencia a950-14-1830-8 a5a. ed 1aBuenos Aires :bEdiciones Depalmac2001 axl, 1172 p.c23 cm. a1. Trabajo humano. Derecho del trabajo - 2. Historia del derecho del trabajo - 3. Actualidad del derecho del trabajo - 4. Fuentes de derecho del trabajo - 5. Principios del derecho del trabajo - 6. Contrato de trabajo - 7. Modalidades del contrato de trabajo - 8. Derechos y deberes de las partes - 9. La renumeración - 10 . Régimen de Jornada - 11. Descansos, feriados, vacaciones y licencias - 12. Enfermedades y accidentes inculpables - 13. Trabajo de mujeres y menores - 14. Suspensión del contrato de trabajo - 15. Fraude, solidaridad y transferencia del contrato - 16. Extinción del contrato de trabajo. El despido, Indemnización - 17. Otras formas de extinción del contrato de trabajo - 18. Régimen de las pequeñas y medianas empresas (Pymes) - 19. Estatutos especiales - 20. Derecho colectivo del trabajo - 21. Negociación colectiva. Convenios colectivos - 22. Conflictos colectivos de trabajo. Medidas de acción directa - 23. Derecho Administrativo y procesal del trabajo - 24. Derecho Internacional del trabajo - 25. Accidentes y enfermedades del trabajo. Ley de riesgos del trabajo - 26. El Derecho de la seguridad social - 27. El sistema integrado de jubilaciones y pensiones - 28. Seguro de desempleo - 29. Asignaciones familiares - 30. Obras sociales. Seguro de salud aspa1 aGrisolia, Julio Armando41uhttps://biblioeco.unsa.edu.ar/pmb/images/libros/Derecho del Trabajo y de la Seguridad Social-l119961.jpgyImagen de portadaqimage/jpeg